[Event "Canadian zt"]
[Site "Toronto"]
[Date "2024.03.31"]
[Round "7"]
[White "Barron, Michael"]
[Black "Kang, Dorian"]
[Result "0-1"]
[WhiteElo "2143"]
[BlackElo "2102"]
[PlyCount "104"]
[EventDate "2024.03.27"]
[EventType "team-swiss"]
[EventRounds "10"]
[EventCountry "CAN"]
[SourceTitle "CB15_2024"]
[SourceDate "2024.04.10"]
[SourceVersion "1"]
[SourceVersionDate "2024.04.10"]
[SourceQuality "1"]

1. e4 c5 2. Nf3 d6 3. d4 cxd4 4. Nxd4 Nf6 5. f3 e5 6. Nb3 a5 7. a4 Be7 8. Bb5+ Nc6 9. Nc3 0-0 10. Nd5 Nxd5 11. exd5 Nb4 12. c3 Na6 13. Be3 Bg5 14. Qd2 Bxe3 15. Qxe3 Nc7 16. Qd3 Nxb5 17. Qxb5 Bd7 18. Qe2 Qb6 19. Nc1 Qc5 20. Qd3 f5 21. Ne2 b5 22. axb5 Bxb5 23. Qd2 Bc4 24. Nc1 a4 25. Nd3 Qxd5 26. Nb4 Qxd2+ 27. Kxd2 f4 28. Rhd1 Bb3 29. Re1 Kf7 30. Re4 Rfc8 31. Nc2 Kf6 32. Rb4 Rab8 33. Re1 d5 34. Rxb8 Rxb8 35. Nb4 Re8 36. Nd3 Kf5 37. Nc5 e4 38. Nd3 h5 39. Nb4 g5 40. Nc6 g4 41. Nd4+ Kg5 42. Rg1 Bc4 43. Ra1 exf3 44. gxf3 g3 45. Rg1 h4 46. Kd1 Kf6 47. Kd2 h3 48. Rh1 g2 49. Rg1 Re3 50. Kd1 a3 51. b3 a2 52. Nc2 Bxb3 0-1

[Event "WchT Seniors 50"]
[Site "Struga"]
[Date "2023.09.28"]
[Round "9.2"]
[White "Barron, Michael"]
[Black "Jhunjhnuwala, Ramesh"]
[Result "1-0"]
[WhiteElo "2108"]
[BlackElo "2088"]
[PlyCount "103"]
[EventDate "2023.09.19"]
[EventType "team-swiss"]
[EventRounds "9"]
[EventCountry "MKD"]
[SourceTitle "EXT 2024"]
[Source "ChessBase"]
[SourceDate "2023.10.10"]
[SourceVersion "1"]
[SourceVersionDate "2023.10.10"]
[SourceQuality "1"]
[WhiteTeam "Canada 50"]
[BlackTeam "United States 5 Brothers 50"]
[WhiteTeamCountry "CAN"]
[BlackTeamCountry "USA"]

1. e4 c5 2. Nf3 Nc6 3. d4 cxd4 4. Nxd4 Nxd4 5. Qxd4 d6 6. Bb5+ Bd7 7. Bxd7+ Qxd7 8. c4 Nf6 9. Nc3 h6 10. b3 g6 11. Bb2 Bg7 12. 0-0-0 0-0 13. Nd5 b5 14. cxb5 Rfc8+ 15. Kb1 Ne8 16. Qe3 e6 17. Bxg7 Kxg7 18. Qd4+ f6 19. Nc3 Qc7 20. Rc1 Qc5 21. Qxc5 Rxc5 22. Rhd1 Rb8 23. Kb2 Kf7 24. a4 Rh5 25. h3 Rc5 26. Na2 Rxc1 27. Rxc1 f5 28. exf5 gxf5 29. Nb4 f4 30. Nc6 Ra8 31. a5 Nf6 32. Rd1 d5 33. b6 axb6 34. axb6 Nd7 35. b7 Rg8 36. b4 Rxg2 37. Ne5+ Nxe5 38. b8Q Rxf2+ 39. Kb3 Rf3+ 40. Ka4 Nc4 41. Rg1 Kf6 42. Qh8+ Kf5 43. Qxh6 Ra3+ 44. Kb5 Nd6+ 45. Kc6 Ra6+ 46. Kd7 Nc4 47. Qg6+ Ke5 48. Re1+ Kd4 49. Qf6+ Kd3 50. Rxe6 Ra7+ 51. Kc6 Ne5+ 52. Qxe5 1-0

[Event "WchT Seniors 50"]
[Site "Struga"]
[Date "2023.09.27"]
[Round "8.2"]
[White "Nedev, Trajce"]
[Black "Barron, Michael"]
[Result "1-0"]
[WhiteElo "2465"]
[BlackElo "2108"]
[PlyCount "77"]
[EventDate "2023.09.19"]
[EventType "team-swiss"]
[EventRounds "9"]
[EventCountry "MKD"]
[SourceTitle "EXT 2024"]
[Source "ChessBase"]
[SourceDate "2023.10.10"]
[SourceVersion "1"]
[SourceVersionDate "2023.10.10"]
[SourceQuality "1"]
[WhiteTeam "Macedonia Alkaloid 50"]
[BlackTeam "Canada 50"]
[WhiteTeamCountry "MKD"]
[BlackTeamCountry "CAN"]

1. d4 f5 2. Bf4 Nf6 3. e3 d6 4. Nc3 Nc6 5. d5 Ne5 6. Bxe5 dxe5 7. Nf3 e4 8. Bb5+ Bd7 9. Ng5 a6 10. Ne6 Qc8 11. Bxd7+ Qxd7 12. Qd4 c6 13. Qe5 Rc8 14. 0-0-0 g6 15. d6 Kf7 16. Nc5 exd6 17. Qxf6+ Kxf6 18. Nxd7+ Ke6 19. Nxf8+ Rhxf8 20. Ne2 d5 21. a4 Rfd8 22. Rd2 b5 23. axb5 axb5 24. b4 Ra8 25. Nd4+ Kd6 26. Kb2 Ra4 27. Kc3 Ra3+ 28. Nb3 Rda8 29. Rdd1 g5 30. Ra1 Rxa1 31. Rxa1 Rxa1 32. Nxa1 c5 33. bxc5+ Kxc5 34. Nb3+ Kd6 35. Kd4 f4 36. Nc5 h5 37. Na6 h4 38. Nb4 g4 39. exf4 1-0

[Event "WchT Seniors 50"]
[Site "Struga"]
[Date "2023.09.21"]
[Round "3.2"]
[White "Kostadinovski, Zoran"]
[Black "Barron, Michael"]
[Result "0-1"]
[WhiteElo "1922"]
[BlackElo "2108"]
[PlyCount "76"]
[EventDate "2023.09.19"]
[EventType "team-swiss"]
[EventRounds "9"]
[EventCountry "MKD"]
[SourceTitle "EXT 2024"]
[Source "ChessBase"]
[SourceDate "2023.10.10"]
[SourceVersion "1"]
[SourceVersionDate "2023.10.10"]
[SourceQuality "1"]
[WhiteTeam "Macedonia Blind 50"]
[BlackTeam "Canada 50"]
[WhiteTeamCountry "MKD"]
[BlackTeamCountry "CAN"]

1. d4 f5 2. Nf3 Nf6 3. c4 g6 4. Nc3 Bg7 5. Bf4 d6 6. h3 0-0 7. e3 c6 8. Bd3 Qe8 9. Qb3 Nbd7 10. c5+ d5 11. a4 Nh5 12. Be5 Nxe5 13. dxe5 f4 14. e4 e6 15. Rc1 Qe7 16. Ne2 Qc7 17. Qc3 Bd7 18. b4 b6 19. 0-0 Rfc8 20. Qd4 bxc5 21. bxc5 Qa5 22. Nc3 Bf8 23. Na2 Rab8 24. Rfe1 Rb3 25. Rc4 Rcb8 26. Nc1 Ra3 27. Rd1 Bc8 28. exd5 exd5 29. e6 Bg7 30. Ne5 Bxe6 31. Nxc6 Bxd4 32. Nxa5 dxc4 33. Bxc4 Bxc4 34. Rxd4 Be6 35. Nd3 Rb1+ 36. Kh2 Raa1 37. g4 fxg3+ 38. fxg3 Ra2+ 0-1

[Event "Toronto Annex op"]
[Site "Toronto"]
[Date "2023.09.04"]
[Round "5"]
[White "Barron, Michael"]
[Black "Noritsyn, Nikolay"]
[Result "1-0"]
[WhiteElo "2108"]
[BlackElo "2465"]
[PlyCount "83"]
[EventDate "2023.09.02"]
[EventType "swiss"]
[EventRounds "6"]
[EventCountry "CAN"]
[SourceTitle "EXT 2024"]
[Source "ChessBase"]
[SourceDate "2023.10.10"]
[SourceVersion "1"]
[SourceVersionDate "2023.10.10"]
[SourceQuality "1"]

1. e4 e6 2. d4 d5 3. Nd2 Be7 4. Ngf3 Nf6 5. Bd3 c5 6. e5 Nfd7 7. c3 Nc6 8. 0-0 a5 9. Re1 a4 10. Nf1 a3 11. b3 cxd4 12. cxd4 Nb4 13. Be3 Nb8 14. Be2 Bd7 15. Qd2 N8c6 16. Ng3 h5 17. h4 Bxh4 18. Nxh4 Qxh4 19. Rad1 f6 20. exf6 gxf6 21. Bf3 Kf7 22. Ne2 Rag8 23. Nf4 Rg4 24. g3 Qg5 25. Nxd5 Qxd5 26. Bxd5 Nxd5 27. Kg2 h4 28. Rh1 Nce7 29. f3 Rxg3+ 30. Kf2 Bc6 31. Bf4 Rgg8 32. Rhg1 Ng6 33. Bd6 Rh5 34. Rg4 Rf5 35. Rdg1 Nb6 36. Qh6 Bxf3 37. Qh7+ Rg7 38. Qxg7+ Kxg7 39. Rxg6+ Kh7 40. Rg7+ Kh6 41. Bf8 Bc6+ 42. Ke1 1-0

[Event "CAN-ch"]
[Site "Toronto"]
[Date "2023.04.08"]
[Round "4"]
[White "Huang, Youhe"]
[Black "Barron, Michael"]
[Result "1/2-1/2"]
[WhiteElo "2068"]
[BlackElo "2152"]
[PlyCount "164"]
[EventDate "2023.04.06"]
[EventType "swiss"]
[EventRounds "9"]
[EventCountry "CAN"]
[SourceTitle "CBM 213 Extra"]
[Source "ChessBase"]
[SourceDate "2023.05.31"]
[SourceVersion "1"]
[SourceVersionDate "2023.05.31"]
[SourceQuality "1"]

1. d4 f5 2. Bg5 h6 3. Bh4 g5 4. e3 Bg7 5. Bg3 c5 6. c3 Qb6 7. Na3 d5 8. Nb5 Na6 9. Nf3 Nf6 10. Ne5 0-0 11. h4 g4 12. h5 c4 13. a4 Ne4 14. Bf4 Nd6 15. b3 Nxb5 16. axb5 Qxb5 17. Nxc4 Qc6 18. Nd2 Qxc3 19. Bxa6 bxa6 20. 0-0 Bd7 21. Rc1 Qb4 22. f3 Rac8 23. Rxc8 Rxc8 24. fxg4 fxg4 25. Kh2 Qc3 26. Qe2 Qc2 27. e4 dxe4 28. Qxa6 g3+ 29. Kxg3 e3 30. Nf3 e2 31. Rc1 Qf5 32. Rxc8+ Bxc8 33. Qxe2 Qg4+ 34. Kf2 Qxf4 35. Qc4+ Kh7 36. Qxc8 Bxd4+ 37. Kf1 Qf7 38. Qb7 Bb6 39. Qe4+ Kh8 40. Qe5+ Kg8 41. Qb5 Kg7 42. Ke2 Qe6+ 43. Kd2 Qd6+ 44. Kc3 Qc5+ 45. Qxc5 Bxc5 46. Kc4 Bf2 47. Kd5 Kf6 48. g4 Be3 49. Ke4 Bc1 50. Ne5 Kg5 51. Kf3 a6 52. Nc6 Kf6 53. Nb8 Ke5 54. Nxa6 Kd4 55. b4 e5 56. Nc5 Ba3 57. Ne6+ Kd3 58. Nc5+ Kd4 59. g5 hxg5 60. h6 e4+ 61. Kg4 Bb2 62. Ne6+ Kc4 63. Nxg5 e3 64. Kf3 Kxb4 65. Ne6 Kc4 66. Nf4 Bd4 67. Ke4 Ba1 68. Kxe3 Kc5 69. Ke4 Kd6 70. Kf5 Ke7 71. Kg6 Kf8 72. Ne6+ Ke7 73. Ng5 Bb2 74. h7 Bh8 75. Nf7 Bb2 76. Nh6 Bh8 77. Nf5+ Kf8 78. Ne3 Ke7 79. Nd5+ Ke6 80. Nf4+ Ke7 81. Nh3 Ke6 82. Ng5+ Ke7 1/2-1/2

[Event "Toronto"]
[Site "Toronto"]
[Date "2022.10.31"]
[Round "7"]
[White "Barron, Michael"]
[Black "Huang, Youhe"]
[Result "1-0"]
[WhiteElo "2190"]
[BlackElo "1968"]
[PlyCount "63"]
[EventDate "2022.09.12"]
[EventType "tourn"]
[EventRounds "9"]
[EventCountry "CAN"]
[SourceTitle "EXT 2024"]
[Source "ChessBase"]
[SourceDate "2023.10.10"]
[SourceVersion "1"]
[SourceVersionDate "2023.10.10"]
[SourceQuality "1"]

1. e4 c5 2. Nf3 Nc6 3. d4 cxd4 4. Nxd4 Nf6 5. Nc3 e5 6. Ndb5 d6 7. Nd5 Nxd5 8. exd5 Nb8 9. c4 Be7 10. Bd3 0-0 11. 0-0 Nd7 12. Kh1 f5 13. f4 a6 14. Nc3 g6 15. Be3 Bf6 16. Rc1 exf4 17. Bxf4 Be5 18. b4 a5 19. a3 axb4 20. axb4 Qb6 21. Nb5 Bxf4 22. Rxf4 Re8 23. c5 dxc5 24. d6 Ne5 25. bxc5 Qc6 26. Nc7 Ra2 27. Bf1 Ra5 28. Qb3+ Kf8 29. Nxe8 Qxe8 30. Qc3 g5 31. Rf2 Nc6 32. Qh8+ 1-0

[Event "Kingston Canada zt"]
[Site "Kingston"]
[Date "2022.04.18"]
[Round "9"]
[White "MacKinnon, Keith"]
[Black "Barron, Michael"]
[Result "1-0"]
[WhiteElo "2198"]
[BlackElo "2108"]
[PlyCount "51"]
[EventDate "2022.04.13"]
[EventType "swiss"]
[EventRounds "9"]
[EventCountry "CAN"]
[SourceTitle "CBM 207 Extra"]
[Source "ChessBase"]
[SourceDate "2022.05.31"]
[SourceVersion "1"]
[SourceVersionDate "2022.05.31"]
[SourceQuality "1"]

1. c4 f5 2. Nc3 Nf6 3. d4 d6 4. Bg5 Nbd7 5. Qc2 g6 6. h4 Bg7 7. 0-0-0 0-0 8. Nh3 e5 9. dxe5 dxe5 10. e4 h6 11. exf5 hxg5 12. hxg5 gxf5 13. c5 Nh7 14. Kb1 Nxg5 15. Nxg5 Qxg5 16. Bc4+ Rf7 17. Nd5 Nf8 18. Nxc7 Rb8 19. Qb3 Qe7 20. Nd5 Qxc5 21. Nf6+ Bxf6 22. Bxf7+ Kg7 23. Bg8 Qe7 24. Qg3+ Ng6 25. Rh7+ Kxg8 26. Qxg6+ 1-0

[Event "Kingston Canada zt"]
[Site "Kingston"]
[Date "2022.04.15"]
[Round "5"]
[White "Dukic, Zachary"]
[Black "Barron, Michael"]
[Result "1-0"]
[WhiteElo "2226"]
[BlackElo "2108"]
[PlyCount "69"]
[EventDate "2022.04.13"]
[EventType "swiss"]
[EventRounds "9"]
[EventCountry "CAN"]
[SourceTitle "CBM 207 Extra"]
[Source "ChessBase"]
[SourceDate "2022.05.31"]
[SourceVersion "1"]
[SourceVersionDate "2022.05.31"]
[SourceQuality "1"]

1. e4 e5 2. Nf3 Nc6 3. d4 exd4 4. Nxd4 Bc5 5. Nb3 Bb6 6. Nc3 Nf6 7. Bg5 h6 8. Bh4 0-0 9. Qe2 a5 10. a4 Nd4 11. Qd3 Nxb3 12. cxb3 c6 13. 0-0-0 d5 14. Qc2 Qd6 15. Kb1 d4 16. Bc4 Qe7 17. Rhe1 g5 18. e5 Nh5 19. Qg6+ Ng7 20. Qxh6 Bf5+ 21. Ka2 Bd8 22. Ne4 Qxe5 23. Nxg5 Qf6 24. Nxf7 Qxh6 25. Nxh6+ Kh7 26. Nxf5 Nxf5 27. Bxd8 Raxd8 28. Bd3 Kg7 29. g3 Kf6 30. Re4 Ne7 31. Bc4 Nd5 32. Bxd5 Rxd5 33. Rdxd4 Rxd4 34. Rxd4 Ke5 35. Rf4 1-0

[Event "American World Cup Q Prelim"]
[Site "Tornelo INT"]
[Date "2021.05.09"]
[Round "6"]
[White "Barron, Michael"]
[Black "Farahat, Ali"]
[Result "0-1"]
[WhiteElo "2108"]
[BlackElo "2404"]
[PlyCount "88"]
[EventDate "2021.05.08"]
[EventType "swiss (rapid)"]
[EventRounds "9"]
[EventCountry "USA"]
[SourceTitle "CBM 202 Extra"]
[Source "ChessBase"]
[SourceDate "2021.07.31"]
[SourceVersion "1"]
[SourceVersionDate "2021.07.31"]
[SourceQuality "1"]

1. e4 e5 2. Nf3 Nc6 3. Bb5 a6 4. Ba4 Nf6 5. 0-0 Be7 6. Re1 b5 7. Bb3 0-0 8. d4 d6 9. c3 Bg4 10. d5 Na5 11. Bc2 Qc8 12. Nbd2 c6 13. h3 Bd7 14. dxc6 Bxc6 15. Nf1 Re8 16. Ng3 g6 17. Bg5 Nc4 18. b3 Nb6 19. Bxf6 Bxf6 20. Qxd6 Bg7 21. Rad1 Qb7 22. h4 Rac8 23. h5 Bd7 24. Qd2 Bg4 25. h6 Bf8 26. Qe3 Bxf3 27. gxf3 Nd7 28. Rd3 Nc5 29. Rd5 Qc7 30. c4 Ne6 31. Bd3 Nf4 32. cxb5 axb5 33. Rxb5 Bxh6 34. Bf1 Nh3+ 35. Bxh3 Bxe3 36. Bxc8 Bxf2+ 37. Kxf2 Rxc8 38. Nf1 Qa7+ 39. Ne3 Rc2+ 40. Kg3 Rxa2 41. Rxe5 Qc7 42. f4 Kg7 43. Nd5 Qc2 44. Re3 Qh2+ 0-1

[Event "American World Cup Q Prelim"]
[Site "Tornelo INT"]
[Date "2021.05.09"]
[Round "9"]
[White "McKennis, Darren"]
[Black "Barron, Michael"]
[Result "1-0"]
[WhiteElo "1735"]
[BlackElo "2108"]
[PlyCount "131"]
[EventDate "2021.05.08"]
[EventType "swiss (rapid)"]
[EventRounds "9"]
[EventCountry "USA"]
[SourceTitle "CBM 202 Extra"]
[Source "ChessBase"]
[SourceDate "2021.07.31"]
[SourceVersion "1"]
[SourceVersionDate "2021.07.31"]
[SourceQuality "1"]

1. d4 f5 2. Nc3 Nf6 3. Bg5 d5 4. Bxf6 exf6 5. e3 Be6 6. Nge2 Nc6 7. Qd2 Qd7 8. h4 h5 9. Nf4 Bf7 10. Be2 g6 11. a3 Ne7 12. g3 Nc8 13. Bf3 c6 14. Na4 b6 15. Nc3 Nd6 16. b3 Bh6 17. Be2 0-0 18. 0-0 Rfe8 19. a4 a5 20. Kh2 Bf8 21. Rae1 Kh7 22. Nd1 Ne4 23. Qc1 Bh6 24. Bd3 Kg7 25. c4 g5 26. Ng2 f4 27. exf4 gxf4 28. Nxf4 Kh8 29. Bxe4 dxe4 30. Qe3 Rad8 31. d5 cxd5 32. Qxb6 Qd6 33. Qxd6 Rxd6 34. Nxd5 Bxd5 35. cxd5 Rxd5 36. Nc3 Rde5 37. Re2 f5 38. Rd1 f4 39. Rd4 fxg3+ 40. fxg3 e3 41. Nd1 Kg7 42. Rd3 Kf6 43. Kg2 R8e6 44. Kf3 Rf5+ 45. Kg2 Rfe5 46. Nb2 Re4 47. Nc4 Re8 48. Nd6 Bf8 49. Nxe8+ Rxe8 50. Rdxe3 Rb8 51. Rf3+ Kg6 52. Re5 Bg7 53. Rxa5 Bd4 54. Rg5+ Kh6 55. g4 hxg4 56. Rxg4 Be5 57. b4 Rc8 58. b5 Rc2+ 59. Rf2 Rc3 60. Ra2 Bf6 61. b6 Kh5 62. Rb4 Bxh4 63. b7 Rg3+ 64. Kh1 Be7 65. b8Q Rh3+ 66. Rh2 1-0

[Event "Titled Tuesday intern op 22nd Dec"]
[Site "Chess.com INT"]
[Date "2020.12.22"]
[Round "9"]
[White "Barron, Michael"]
[Black "Carroll, Thomas"]
[Result "0-1"]
[WhiteElo "2108"]
[BlackElo "2033"]
[PlyCount "54"]
[EventDate "2020.12.22"]
[EventType "swiss (blitz)"]
[EventRounds "11"]
[EventCountry "USA"]
[SourceTitle "CBM 199 Extra"]
[Source "ChessBase"]
[SourceDate "2021.01.31"]
[SourceVersion "1"]
[SourceVersionDate "2021.01.31"]
[SourceQuality "1"]

1. e4 c5 2. Nf3 d6 3. d4 cxd4 4. Nxd4 Nf6 5. f3 e5 6. Nb3 a5 7. c4 a4 8. N3d2 Be6 9. Nc3 a3 10. b3 Nh5 11. g3 Nc6 12. Nb5 Qb6 13. Bxa3 Nd4 14. Bb2 Nxb5 15. cxb5 d5 16. Bxe5 Bb4 17. Bd3 Qe3+ 18. Be2 d4 19. Qc2 Bc3 20. Rd1 0-0 21. Kf1 f6 22. Bd6 Rfd8 23. Nc4 Qh6 24. Bc5 Nxg3+ 25. hxg3 Qxh1+ 26. Kf2 Qh2+ 27. Kf1 Bh3# 0-1

[Event "Speed Chess Super Swiss"]
[Site "Chess.com INT"]
[Date "2020.10.03"]
[Round "8"]
[White "Barron, Michael"]
[Black "Manukian, Artak"]
[Result "0-1"]
[WhiteElo "2108"]
[BlackElo "2196"]
[PlyCount "76"]
[EventDate "2020.10.03"]
[EventType "swiss (blitz)"]
[EventRounds "15"]
[EventCountry "USA"]
[SourceTitle "CBM 198 Extra"]
[Source "ChessBase"]
[SourceDate "2020.11.30"]
[SourceVersion "1"]
[SourceVersionDate "2020.11.30"]
[SourceQuality "1"]

1. e4 c6 2. d4 d5 3. Nd2 dxe4 4. Nxe4 Nf6 5. Nxf6+ exf6 6. Nf3 Bd6 7. g3 0-0 8. Bg2 Re8+ 9. Be3 Bg4 10. 0-0 Qc8 11. Qd2 Bh3 12. Rfe1 Bxg2 13. Kxg2 Nd7 14. Bf4 Qc7 15. Bxd6 Qxd6 16. Rxe8+ Rxe8 17. Re1 Re6 18. Re3 h6 19. c4 b6 20. Qd3 g6 21. d5 Rxe3 22. fxe3 cxd5 23. Qxd5 Qxd5 24. cxd5 Kf8 25. e4 Nc5 26. Nd2 Ke7 27. Kf3 Kd6 28. Ke3 b5 29. b4 Nd7 30. Nb3 f5 31. exf5 Kxd5 32. fxg6 fxg6 33. Nd2 Ne5 34. Ne4 Ng4+ 35. Kf4 Nxh2 36. g4 Nxg4 37. Nd2 Ne5 38. a3 Nc4 0-1

[Event "Speed Chess Super Swiss"]
[Site "Chess.com INT"]
[Date "2020.10.03"]
[Round "2"]
[White "Barron, Michael"]
[Black "Sumaneev, Dmitry"]
[Result "0-1"]
[WhiteElo "2108"]
[BlackElo "2450"]
[PlyCount "78"]
[EventDate "2020.10.03"]
[EventType "swiss (blitz)"]
[EventRounds "15"]
[EventCountry "USA"]
[SourceTitle "CBM 198 Extra"]
[Source "ChessBase"]
[SourceDate "2020.11.30"]
[SourceVersion "1"]
[SourceVersionDate "2020.11.30"]
[SourceQuality "1"]

1. e4 e6 2. d4 d5 3. Nd2 Nf6 4. e5 Nfd7 5. f4 c5 6. c3 Nc6 7. Ndf3 cxd4 8. cxd4 Bb4+ 9. Bd2 Qb6 10. a3 Bxd2+ 11. Qxd2 f6 12. b4 fxe5 13. fxe5 0-0 14. Ne2 a5 15. b5 Ne7 16. a4 Qd8 17. Ng3 Nf5 18. Nxf5 Rxf5 19. Bd3 Rf8 20. 0-0 h6 21. Rf2 Qe7 22. Raf1 Nb6 23. Bc2 Bd7 24. Qd3 g5 25. h4 g4 26. Qg6+ Qg7 27. Nh2 Qxg6 28. Rxf8+ Rxf8 29. Rxf8+ Kxf8 30. Bxg6 Nxa4 31. Nxg4 Kg7 32. h5 Nc3 33. b6 a4 34. Nf6 Bb5 35. Ne8+ Bxe8 36. Bxe8 a3 37. Bc6 a2 38. Bxb7 a1Q+ 39. Kh2 Qb2 0-1

[Event "Speed Chess Super Swiss"]
[Site "Chess.com INT"]
[Date "2020.10.03"]
[Round "6"]
[White "Barron, Michael"]
[Black "Tereladze, Sopiko"]
[Result "0-1"]
[WhiteElo "2108"]
[BlackElo "2141"]
[PlyCount "68"]
[EventDate "2020.10.03"]
[EventType "swiss (blitz)"]
[EventRounds "15"]
[EventCountry "USA"]
[SourceTitle "CBM 198 Extra"]
[Source "ChessBase"]
[SourceDate "2020.11.30"]
[SourceVersion "1"]
[SourceVersionDate "2020.11.30"]
[SourceQuality "1"]

1. e4 e5 2. Nf3 Nc6 3. Bb5 Nf6 4. 0-0 a6 5. Bxc6 dxc6 6. Nxe5 Be6 7. Nc3 Bb4 8. d3 0-0 9. Be3 Qd6 10. f4 Rad8 11. Qe2 Bc5 12. Rae1 Nd7 13. Nxd7 Bxd7 14. Bxc5 Qxc5+ 15. Qe3 Qb4 16. Qc1 f5 17. e5 Be6 18. a3 Qb6+ 19. Kh1 c5 20. Na4 Qa5 21. b3 Rd4 22. Qb2 Rfd8 23. Nc3 b5 24. Ne2 R4d7 25. Ra1 Qb6 26. Qc3 c4 27. bxc4 bxc4 28. d4 Bd5 29. Rab1 Qg6 30. Ng3 h5 31. Rf2 h4 32. Nf1 h3 33. Qxh3 Re7 34. Ne3 Be4 0-1

[Event "Speed Chess Super Swiss"]
[Site "Chess.com INT"]
[Date "2020.10.03"]
[Round "11"]
[White "Barron, Michael"]
[Black "Xie, Bryan"]
[Result "0-1"]
[WhiteElo "2108"]
[BlackElo "2050"]
[PlyCount "92"]
[EventDate "2020.10.03"]
[EventType "swiss (blitz)"]
[EventRounds "15"]
[EventCountry "USA"]
[SourceTitle "CBM 198 Extra"]
[Source "ChessBase"]
[SourceDate "2020.11.30"]
[SourceVersion "1"]
[SourceVersionDate "2020.11.30"]
[SourceQuality "1"]

1. e4 c5 2. Nf3 Nc6 3. d4 cxd4 4. Nxd4 g6 5. c4 Nf6 6. Nc3 d6 7. Be2 Nxd4 8. Qxd4 Bg7 9. Be3 0-0 10. Qd2 Be6 11. 0-0 Qa5 12. Rad1 Rfc8 13. b3 a6 14. Bd4 b5 15. cxb5 axb5 16. Bxb5 Rxc3 17. Bxc3 Qxb5 18. f3 Rc8 19. Rc1 Nxe4 20. fxe4 Qc5+ 21. Qf2 Qxf2+ 22. Rxf2 Rxc3 23. Rxc3 Bxc3 24. Rc2 Bd4+ 25. Kf1 Bc5 26. Ke2 Bd7 27. a4 Be6 28. Rc3 Bb4 29. Rd3 Kg7 30. Ke3 Kf6 31. Kd4 g5 32. Rf3+ Kg6 33. Rf1 g4 34. Ra1 Ba5 35. Rb1 Bb4 36. Kd3 d5 37. e5 Bf5+ 38. Kd4 Bxb1 39. Kxd5 Bd3 40. Kc6 Kf5 41. Kb6 Kxe5 42. a5 Bxa5+ 43. Kxa5 Kd4 44. b4 Ke3 45. b5 Bxb5 46. Kxb5 Kf2 0-1